LEADER 00986nam0 2200253 i 450 001 VAN00026692 005 20240806100333.93 100 $a20041027e19791909 |0itac50 ba 101 $aita 102 $aIT 105 $a|||| ||||| 200 1 $aˆL'‰eversione della feudalità nel napoletano$edottrine che vi prelusero$estoria, legislazione e giurisprudenza$fAlfonso Perrella 205 $aRist. anast 210 $aBologna$cForni$d1909 215 $a1011 p.$d23 cm. 620 $dBologna$3VANL000003 700 1$aPerrella$bAlfonso$3VANV011083$0448106 712 $aForni $3VANV108290$4650 801 $aIT$bSOL$c20250124$gRICA 899 $aBIBLIOTECA DEL DIPARTIMENTO DI GIURISPRUDENZA$1IT-CE0105$2VAN00 912 $aVAN00026692 950 $aBIBLIOTECA DEL DIPARTIMENTO DI GIURISPRUDENZA$d00CONS XXIV.Eb.189 $e00 7365 20041027 996 $aEversione della feudalità nel napoletano$91432225 997 $aUNICAMPANIA LEADER 01134nam0 22002651i 450 001 VAN00047018 005 20240806100440.941 100 $a20060703d1971 |0itac50 ba 101 $aita 102 $aIT 105 $a|||| ||||| 200 1 $aQui Nuova York$ftesto di Ruggero Orlando$gdisegni di Orfeo Tamburi$gvedute aeree di Charles Rotkin$gfotografie di Aldo Scarpa 210 $aMilano$cTouring club italiano$d[1971] 215 $a64 p.$cill., tav.$d27 cm. 606 $aNew York$3VANC017496$2FI 620 $dMilano$3VANL000284 676 $a917.3$v21 702 1$aOrlando$bRuggero$3VANV037428 712 $aTouring club italiano$3VANV108707$4650 801 $aIT$bSOL$c20251010$gRICA 912 $aVAN00047018 950 $aBIBLIOTECA DEL DIPARTIMENTO DI ARCHITETTURA E DISEGNO INDUSTRIALE$d01CONS FONDO AGAMB80 $e01 48573 20061027 950 $aBIBLIOTECA DEL DIPARTIMENTO DI ARCHITETTURA E DISEGNO INDUSTRIALE$d01CONS FONDO AGAMB82 $e01 48575 20061027 996 $aQui Nuova York$9956472 997 $aUNICAMPANIA